| 000 | 00895cam a22001934a 4500 | ||
|---|---|---|---|
| 005 | 20250605164007.0 | ||
| 008 | 250528s ||||||||||||||||||||||||d | ||
| 035 | _a15839 | ||
| 020 | _a70197814 | ||
| 040 |
_aGR-AtMCL _bgre _dGR-AtMCL _eAACR2 |
||
| 245 | 1 | _aDatabase Management / Objectives, System Functions, and Administration | |
| 260 |
_bMcgraw Hill Book Company, _c1986 |
||
| 300 | _a816 | ||
| 520 | _aPreface, Overview of Database Management Systems, A Conceptual DBMS Model, Logical Data Structures, Database Management System Functions, Database Creation and Update, Data Independence and Data Conversion and Database Revision, Database Integrity: Access Control and Encryption, Database Administration, DBMS Selection and Acquisition, Trends to the Future in Database Management, Index. | ||
| 700 | 1 |
_aEverest C. Gordon _91851 |
|
| 942 | _cBK | ||
| 999 |
_c1389 _d1389 |
||